Statistiques concernant Ville à pays n°36

Cliquez ici pour prendre le quiz!

Statistiques générales

  • Ce quiz a été pris 132 fois
  • Le résultat moyen est 11 sur 15

Statistiques - réponses

VillePays% Correct
AjaccioFrance
99%
IstanbulTurquie
98%
MalagaEspagne
95%
AgadirMaroc
94%
AntananarivoMadagascar
90%
ÖrebroSuéde
83%
AlbuquerqueÉtats-Unis
82%
Abou SimbelEgypte
79%
AalborgDanemark
78%
AgraInde
63%
ApiaSamoa
53%
AkitaJapon
52%
HoniaraÎles Salomon
50%
AbottabadPakistan
50%
AqabaJordanie
35%

Distribution des résultats

Percentile par nombre de réponses

% des personnes avec chaque résultat

Votre développement - résultats

Vous n’avez pas pris ce quiz